00563cam a22002291 4500001001300000003000400013005001700017008004100034010001700075025001800092035002000110040002100130042001200151050001800163100003000181245002400211260001100235300002500246500001400271504003100285999001700316sa 68017829 DLC20260227112706.0940822s1967 ii b 000 0 orio  asa 68017829  aPL480:I-O-801 a(OCoLC)30990623 aDLCcCUdCUdDLC apremarc00aPK2579.M3bS91 aMahanty, Surendra,d1920-10aSurendra bicitrà„. c[1967] a2, 2, 376 p.c22 cm. aIn Oriya. aBibliographical footnotes. c87989d87989